Dictionnaire de la conversation et de la lecture. (Record no. 48756)

MARC details
000 -LEADER
campo de control de longitud fija 00551nam a22001815i 4500
001 - NÚMERO DE CONTROL
campo de control 48756
003 - IDENTIFICADOR DE NÚMERO DE CONTROL
campo de control ES-MaACL
005 - FECHA Y HORA DE LA ÚLTIMA TRANSACCIÓN
campo de control 20230906161820.0
007 - CAMPO FIJO DE DESCRIPCIÓN FÍSICA--INFORMACIÓN GENERAL
campo de control de longitud fija t|
008 - DATOS DE LONGITUD FIJA--INFORMACIÓN GENERAL
campo de control de longitud fija 950728s1835 fr ||||1| fre d
040 ## - FUENTE DE CATALOGACIÓN
Centro catalogador/agencia de origen CAM
Lengua de catalogación spa
Centro/agencia transcriptor CAM
245 00 - MENCIÓN DEL TÍTULO
Título Dictionnaire de la conversation et de la lecture.
Número de parte o sección de la obra , . Vol. XXIV /
Mención de responsabilidad, etc. par une Société de gens de lettres.
260 ## - PUBLICACIÓN, DISTRIBUCIÓN, ETC.
Lugar de publicación, distribución, etc. Paris :
Nombre del editor, distribuidor, etc. Belin-Mandar,
Fecha de publicación, distribución, etc. 1835 (
Fabricante Béthune et Plon)
300 ## - DESCRIPCIÓN FÍSICA
Extensión 1 v. ;
Dimensiones 22 cm.
505 8# - NOTA DE CONTENIDO CON FORMATO
Nota de contenido con formato Contiene t. XXIV
650 ## - PUNTO DE ACCESO ADICIONAL DE MATERIA--TÉRMINO DE MATERIA
Término de materia o nombre geográfico como elemento de entrada Enciclopedias.
9 (RLIN) 12235
852 ## - LOCALIZACIÓN
Ubicación ES-MaACL
Número de control de estantería G-11070
Holdings
Estatus retirado Estado de pérdida Estado de daño No para préstamo Colección Biblioteca de origen Biblioteca actual Ubicación en estantería Fecha de adquisición Fuente de adquisición Total de préstamos Signatura topográfica completa Código de barras Visto por última vez Precio de reemplazo Tipo de ítem Koha
        Colección de referencia Biblioteca del Ateneo de Madrid Biblioteca del Ateneo de Madrid Sala Pecera Planta 3 17/01/2008     G-11070 1051309 23/02/2023 23/02/2023 Libro impreso antiguo